| 000 | 00520nam a22002057a 4500 | ||
|---|---|---|---|
| 003 | OSt | ||
| 005 | 20140310182824.0 | ||
| 008 | 130525t xxu||||| |||| 00| 0 eng d | ||
| 020 | _a9780065017373 | ||
| 050 |
_aBF 721 _b.B414 1995 |
||
| 082 |
_aM 155.4 _bB39 1995 |
||
| 245 |
_aThe developing child _cBee, Helen |
||
| 250 | _a7th ed. | ||
| 260 |
_aNew York _bHarperCollins College Publishers _c1995 |
||
| 521 | _a1210L-1700L | ||
| 526 | _cCollege Student | ||
| 541 | _j1 | ||
| 562 | _e1 | ||
| 942 |
_2lcc _cBK _kM |
||
| 999 |
_c16446 _d16446 |
||